| 000 | 00425nam a22001457a 4500 | ||
|---|---|---|---|
| 020 | _a978-81-309-1919-5 | ||
| 082 | _a541 MCO 2013 | ||
| 100 |
_aDonald A. McQuarrie _cJohn. D. Simon |
||
| 245 |
_aPhysical Chemistry _bA Molecular Approach _cDonald A. McQuarrie |
||
| 250 | _aViva Student Edition | ||
| 260 |
_aIndia _bViva Books Pvt. _c2013 |
||
| 300 |
_a1270 _bPb. |
||
| 880 | _aPhysical Chemistry | ||
| 942 |
_2ddc _cBK |
||
| 999 |
_c610933 _d610933 |
||